Colombia centro financiero de la región : (Registro nro. 12001)

Detalles MARC
000 -LEADER
fixed length control field 01407nam a2200241Ia 4500
003 - CONTROL NUMBER IDENTIFIER
control field OSt
005 - DATE AND TIME OF LATEST TRANSACTION
control field 20210726124635.0
008 - FIXED-LENGTH DATA ELEMENTS--GENERAL INFORMATION
fixed length control field 210310s2007 ck ad gr 000 0 spa d
020 ## - INTERNATIONAL STANDARD BOOK NUMBER
International Standard Book Number 9789589040669
040 ## - CATALOGING SOURCE
Original cataloging agency CO-JMCR
Transcribing agency CO-JMCR
041 0# - LANGUAGE CODE
Language code of text/sound track or separate title spa
082 ## - DEWEY DECIMAL CLASSIFICATION NUMBER
Classification number 332.109861 /
Item number S612c
Edition number 23
111 2# - MAIN ENTRY--MEETING NAME
Meeting name or jurisdiction name as entry element Simposio de Mercado de Capitales
Date of meeting or treaty signing (10 y 11 de mayo, 2007 :
Location of meeting Medellín)
9 (RLIN) 38711
245 10 - TITLE STATEMENT
Title Colombia centro financiero de la región :
Remainder of title ¿Qué debemos hacer para lograrlo? /
Statement of responsibility, etc. XIX Simposio de Mercado de Capitales, Medellín, 10 y 11 de mayo ;
260 ## - PUBLICATION, DISTRIBUTION, ETC.
Place of publication, distribution, etc. Medellín :
Name of publisher, distributor, etc. Asociación Bancaria de Entidades Financieras de Colombia,
Date of publication, distribution, etc. 2007
300 ## - PHYSICAL DESCRIPTION
Extent 153 páginas :
Other physical details ilustraciones y gráficas a color ;
Dimensions 28 cm.
504 ## - BIBLIOGRAPHY, ETC. NOTE
Bibliography, etc. note Bibliografía: a pie de página.
505 ## - FORMATTED CONTENTS NOTE
Formatted contents note El éxito en la confirmación de centros financieros regionales: la experiencia internacional. -- Las barreras que se deben derribar. -- El nuevo rol del sistema bancario. -- Cómo derribar las barreras al desarrollo de mercados de capitales: un teme en la agenda interna de competitividad. --¿Qué se requiere para un mercado de capitales más profundo en Colombia?.
650 14 - SUBJECT ADDED ENTRY--TOPICAL TERM
Topical term or geographic name entry element Cuestión monetaria
Form subdivision Congresos, conferencias
Geographic subdivision Colombia
9 (RLIN) 27018
650 24 - SUBJECT ADDED ENTRY--TOPICAL TERM
Topical term or geographic name entry element Sistema financiero
Form subdivision Congresos, conferencias
Geographic subdivision Colombia
9 (RLIN) 38593
650 24 - SUBJECT ADDED ENTRY--TOPICAL TERM
Topical term or geographic name entry element Mercado financiero
Form subdivision Congresos, conferencias
Geographic subdivision Colombia
9 (RLIN) 38712
942 ## - ADDED ENTRY ELEMENTS (KOHA)
Source of classification or shelving scheme Dewey Decimal Classification
Koha item type Books
Existencias
Withdrawn status Lost status Source of classification or shelving scheme Damaged status Not for loan Home library Current library Shelving location Date acquired Source of acquisition Full call number Barcode Date last seen Copy number Price effective from Koha item type
    Dewey Decimal Classification     Biblioteca Pública José María del Castillo y Rada Biblioteca Pública José María del Castillo y Rada General Stacks 04/15/2018 Donación 332.109861 / S612c 430002275 05/16/2024 Ej.1 03/10/2021 Books